Normal view
MARC view
Entry Personal Name
001 - CONTROL NUMBER
- control field: 41900
003 - CONTROL NUMBER IDENTIFIER
- control field: ARRUPE
005 - DATE AND TIME OF LATEST TRANSACTION
- control field: 20180903094802.0
008 - FIXED-LENGTH DATA ELEMENTS
- fixed length control field: 180903|| aca||aabn | a|a d
040 ## - CATALOGING SOURCE
- Original cataloging agency: ARRUPE
- Transcribing agency: ARRUPE
100 ## - HEADING--PERSONAL NAME
- Personal name: Spenser Edmund
- General subdivision: criticism and interpretation
670 ## - SOURCE DATA FOUND
- Source citation: Work cat.: (ARRUPE): Critical essays on Spenser fro Elh, 1970.